Normal view MARC view

Entry Personal Name

Number of records used in: 1

001 - CONTROL NUMBER

  • control field: 139330

003 - CONTROL NUMBER IDENTIFIER

  • control field: OSt

005 - DATE AND TIME OF LATEST TRANSACTION

  • control field: 20231025145141.0

008 - FIXED-LENGTH DATA ELEMENTS

  • fixed length control field: 231025|| aca||aabn | a|a d

040 ## - CATALOGING SOURCE

  • Original cataloging agency: OSt
  • Transcribing agency: OSt

100 ## - HEADING--PERSONAL NAME

  • Personal name: DUNDIRAJ (Ech)

670 ## - SOURCE DATA FOUND

  • Source citation: Work cat.: (OSt)139278: DUNDIRAJ (Ech), Mattastu matu ka(vi)te : Ankana barahagala eradaneya samputa, 2006